000 01528nam a2200301Ia 4500
999 _c38645
_d38645
001 4867
003 GE_BSU
005 20190802121414.0
008 181216s2007||||ge |||||||||||||| ||geo||
020 _a9994058843
040 _cGE_BSU
041 _ageo
080 _a339.7 + 339.727.3 + 339.742 კ-17
100 _aკაკულია, რევაზ
_9751
245 _aსაერთაშორისო სავალუტო, საფინანსო და საკრედიტო ურთიერთობები /
_cრევაზ კაკულია, ლელა ბახტაძე ; რედ. : იაკობ მესხია
250 _aმეორე შევსებული და გადამუშავებული გამოცემა
264 _aთბილისი :
_bვერჟე ;
_c2007.
300 _a280 გვ. ;
_c20 სმ.
504 _aბიბლიოგრ. : გვ. 275-277
541 _h19ლ.20თ.
653 _aსაერთაშორისო ფინანსები
653 _aკაპიტალის მიმოქცევა
653 _aსავალუტო პოლიტიკა
653 _a საერთაშორისო ეკონომიკური ურთიერთობები
700 _aბახტაძე, ლელა
_eავტორი
_93375
700 _aმესხია,იაკობ
_eრედაქტორი
_93376
942 _cBK
_2udc